| 000 | 00749nam a2200193Ia 4500 | ||
|---|---|---|---|
| 003 | IN-BaIIA | ||
| 008 | 211028s9999 xx 000 0 eng d | ||
| 020 | _a90-277-0417-1 | ||
| 040 | _cIIA Library | ||
| 080 |
_a524.5(063) _bTHE |
||
| 111 |
_aNATO Advanced Study institute on the interstellar Medium _cGermany _d1973 Apr. 2-13 _914391 |
||
| 245 | 4 |
_aThe interStellar medium _bproceedings of the NATO Advanced Study Institute on the interStellar medium, held in Schliersee, Germany, April 2-13, 1973 _cedited by K. Pinkau |
|
| 260 |
_aDordrecht _bD. Reidel Publishing _c1974 |
||
| 300 | _a[various pagings.] | ||
| 650 | _aAstronomy and Astrophysics thesaurus | ||
| 650 |
_aInterStellar Matter _91189 |
||
| 700 |
_aPinkau, K., ed. _914392 |
||
| 942 | _cBK | ||
| 999 |
_c8579 _d8579 |
||